[Event "Berlin-Wien Rapid Hybrid"]
[Site "Tornelo INT"]
[Date "2021.03.27"]
[Round "3.2"]
[White "Morgunov, Marc"]
[Black "Rath, Alina"]
[Result "1-0"]
[WhiteElo "2385"]
[BlackElo "2055"]
[PlyCount "79"]
[EventDate "2021.03.27"]
[EventType "team-schev (rapid)"]
[EventRounds "4"]
[EventCountry "AUT"]
[SourceTitle "CBM 202 Extra"]
[Source "ChessBase"]
[SourceDate "2021.07.31"]
[SourceVersion "1"]
[SourceVersionDate "2021.07.31"]
[SourceQuality "1"]
[WhiteTeam "Wien"]
[BlackTeam "Berlin"]
[WhiteTeamCountry "AUT"]
[BlackTeamCountry "GER"]

1. e4 c5 2. Nf3 d6 3. Bb5+ Bd7 4. Bxd7+ Qxd7 5. c4 Nf6 6. Nc3 e5 7. 0-0 g6 8. d3 Bg7 9. a3 0-0 10. b4 Qe7 11. Bg5 h6 12. Nd5 Qd8 13. Nxf6+ Bxf6 14. Bxh6 Re8 15. Be3 b6 16. g3 Nc6 17. Rb1 Kg7 18. h4 Rh8 19. Kg2 Qe7 20. Rh1 Rag8 21. Qa4 Qd7 22. Qc2 Qd8 23. b5 Ne7 24. a4 Nc8 25. Ra1 Rh5 26. a5 Qd7 27. axb6 axb6 28. Ra8 Rgh8 29. Qd1 Qb7 30. Qa1 Qd7 31. Qd1 Qb7 32. Ra1 Qd7 33. Bg5 Bxg5 34. Nxg5 f6 35. Nf3 g5 36. Qe2 Ne7 37. hxg5 fxg5 38. Nxe5 Rxh1 39. Nxd7 Rxa1 40. Qb2+ 1-0

[Event "GER-ch blitz (Women)"]
[Site "Magdeburg"]
[Date "2019.05.25"]
[Round "9"]
[White "Rath, Alina"]
[Black "Hofmann, Karina"]
[Result "1-0"]
[WhiteElo "2042"]
[BlackElo "1700"]
[PlyCount "146"]
[EventDate "2019.05.25"]
[EventType "tourn (blitz)"]
[EventRounds "29"]
[EventCountry "GER"]
[SourceTitle "CBM 190 Extra"]
[Source "ChessBase"]
[SourceDate "2019.07.15"]
[SourceVersion "1"]
[SourceVersionDate "2019.07.15"]
[SourceQuality "1"]

1. c4 b6 2. Nc3 Bb7 3. e4 e6 4. g3 Bb4 5. Nge2 Ne7 6. Bg2 0-0 7. 0-0 d5 8. cxd5 exd5 9. d4 dxe4 10. Nxe4 Nd5 11. a3 Be7 12. b4 c6 13. Bb2 Nd7 14. Rc1 Rc8 15. Qd2 N7f6 16. Rcd1 Nxe4 17. Bxe4 Bg5 18. Qc2 g6 19. f4 Bf6 20. Bc1 Re8 21. Bf3 Ne3 22. Bxe3 Rxe3 23. Kf2 Rxa3 24. Kg2 Qe7 25. Qb2 Re3 26. Nc1 c5 27. bxc5 Bxf3+ 28. Rxf3 Qe4 29. Rdf1 Bxd4 30. Qa2 bxc5 31. Qxa7 Ra8 32. Qc7 Ra1 33. Qd8+ Kg7 34. f5 Rxf3 35. Rxf3 Rxc1 36. f6+ Bxf6 37. Qxf6+ Kh6 38. Qh4+ Qxh4 39. gxh4 c4 40. Rxf7 c3 41. Rc7 c2 42. Kh3 g5 43. Rc6+ Kg7 44. hxg5 Kf7 45. Kh4 Ke7 46. Kh5 Kf7 47. h4 Kg7 48. Rc7+ Kg8 49. Kh6 Rh1 50. Rc8+ Kf7 51. Rc7+ Ke6 52. Rxc2 Rxh4+ 53. Kg7 Kf5 54. Rg2 Kf4 55. Kf6 Rg4 56. Rf2+ Kg3 57. Rf1 Kh4 58. Rh1+ Kg3 59. Rxh7 Rf4+ 60. Ke5 Rg4 61. Kf5 Rc4 62. Rd7 Rc5+ 63. Kg6 Kg4 64. Rd4+ Kf3 65. Kf6 Rc6+ 66. Kg7 Ke3 67. Ra4 Kf3 68. g6 Rc7+ 69. Kh6 Rc6 70. Kh7 Rc7+ 71. g7 Rc8 72. g8Q Rxg8 73. Kxg8 Ke3 1-0

[Event "GER-ch blitz (Women)"]
[Site "Magdeburg"]
[Date "2019.05.25"]
[Round "20"]
[White "Rath, Alina"]
[Black "Mader, Lena"]
[Result "1-0"]
[WhiteElo "2042"]
[BlackElo "1839"]
[PlyCount "64"]
[EventDate "2019.05.25"]
[EventType "tourn (blitz)"]
[EventRounds "29"]
[EventCountry "GER"]
[SourceTitle "CBM 190 Extra"]
[Source "ChessBase"]
[SourceDate "2019.07.15"]
[SourceVersion "1"]
[SourceVersionDate "2019.07.15"]
[SourceQuality "1"]

1. c4 Nf6 2. Nc3 g6 3. g3 Bg7 4. Bg2 d6 5. e4 0-0 6. Nge2 c5 7. 0-0 Nc6 8. d3 Nd4 9. h3 Rb8 10. f4 e5 11. Be3 a6 12. Qd2 Bd7 13. fxe5 dxe5 14. Bg5 Ne6 15. Bh6 Nd4 16. Bg5 Ne6 17. Be3 b5 18. Rf2 b4 19. Nd5 Nxd5 20. exd5 Nd4 21. Bh6 Rb7 22. Bxg7 Kxg7 23. Raf1 Bf5 24. g4 Bc8 25. Ng3 Rd7 26. Ne4 a5 27. Nxc5 Rc7 28. Ne4 Rd7 29. Qe1 Qc7 30. d6 Qa7 31. c5 b3 32. axb3 Nxb3 1-0